Výživa a hnojenie rastlín pre poslucháčov PEF

Bibliographic Details
Main Authors: Benko, Vladimír, 1922-2009 (Author), Bízik, Ján, 1930-2007 (Author), Fecenko, Ján, 1935-2008 (Author)
Format: Book
Language:Slovak
PhysicalDescription:212 s. grafy, sch., tab. 29 cm
Published: Nitra Vysoká škola poľnohospodárska 1979
Edition:2. nepreprac. vyd.
Subjects:

MARC

LEADER 00000cam a2200000 a 4500
001 vtls001115241
003 SK-MaSNL
005 20260301001544.0
008 250313s1979 xo da e n 000 0 slo
015 |a SNBA1979 
035 |a SNK000058084 
035 |a urn:nbn:sk:snk-amkeiv 
035 |a urn:nbn:sk:snk-am008bxa 
035 |a 5FCC7870-682C-499E-9598-CFC8DA1DCAB4 
040 |a SNK  |b slo  |c SNK  |e AACR2 
041 0 |a slo 
044 |a xo  |c SK 
080 |a 631.8(075.8)  |2 1981 
100 1 |a Benko, Vladimír,  |d 1922-2009  |4 aut  |9 213843 
245 1 0 |a Výživa a hnojenie rastlín  |b pre poslucháčov PEF  |c Vladimír Benko, Ján Bízik, Ján Fecenko 
250 |a 2. nepreprac. vyd. 
260 |a Nitra  |b Vysoká škola poľnohospodárska  |c 1979 
300 |a 212 s.  |b grafy, sch., tab.  |c 29 cm 
366 |e 300 výt. 
504 |a Bibliogr. odkazy 
650 0 7 |a výživa rastlín  |2 SNKPH  |9 19926 
650 0 7 |a hnojenie  |2 SNKPH  |9 14850 
655 7 |a učebnice vysokých škôl  |2 SNKPH  |9 70191 
700 1 |a Bízik, Ján,  |d 1930-2007  |4 aut  |9 156949 
700 1 |a Fecenko, Ján,  |d 1935-2008  |4 aut  |9 13413 
852 |a Slovenská národná knižnica 
958 |a OND 
958 |a NB 
958 |a RM 
958 |a UV 
999 |c 535165  |d 537095 
952 |a SNK  |b SNK  |y PREZ  |7 0  |p 17A0972139  |o snkSB 28451  |i snkKSP 4845/79  |0 0  |1 0  |4 0  |d 2012-07-30  |f 1  |l 0  |r 2026-02-23 12:22:49  |w 2026-02-23 
952 |t P60, <04>, [BOOK], {604}  |a SNK  |b SNK  |y VYP  |7 0  |p 17A0169690  |o snkSB 28451 D1  |i snkKSP 4846/79  |0 0  |1 0  |4 0  |d 1998-06-09  |l 0  |r 2004-12-31 00:00:00  |w 2026-02-23